The geography of urban transportation (Registro nro. 304412)
[ vista simple ]
| 000 -ENCABEZADO | |
|---|---|
| Número de control [NR] | 01015nam a2200277 a 4500 |
| 005 - FECHA Y HORA DE LA ÚLTIMA TRANSACCIÓN | |
| control field | 20211105120818.0 |
| 008 - DE LONGITUD FIJA DE DATOS DE ELEMENTOS - INFORMACIÓN GENERAL | |
| Elementos de longitud fija [NR] | 161007s2004 xxuabd fr 001 0 eng d |
| 020 ## - NUMERO INTERNACIONAL NORMALIZADO PARA LIBROS [R] | |
| Número Internacional Normalizado del libro [NR] | 1593850557 |
| 020 ## - NUMERO INTERNACIONAL NORMALIZADO PARA LIBROS [R] | |
| Número Internacional Normalizado del libro [NR] | 9781593850555 (3a.Ed.) |
| 040 ## - FUENTE DE CATALOGACION [NR] | |
| Agencia de catalogación original [NR] | CO-BoUCM |
| Idioma de catalogación [NR] | spa |
| Quien Cataloga | Saul Niño (Modificó) |
| Quien Clasifica | Edgar Pinilla |
| 041 0# - CODIGO DE IDIOMA [R] | |
| Código de idioma para texto/pista de sonido o título separado [R] | Inglés |
| 245 04 - MENCION DE TITULO [NR] | |
| Título [NR] | The geography of urban transportation |
| Mención de responsabilidad, etc. [NR] | Editado por Susan Hanson, Genevieve Giuliano |
| 250 ## - MENCION DE EDICION [NR] | |
| Mención de edición [NR] | Tercera edición |
| 260 ## - PUBLICACION, DISTRIBUCION, ETC. (PIE DE IMPRENTA) [R] | |
| Lugar de publicación, distribución, etc. [R] | New York (Estados Unidos) |
| Nombre del editor, distribuidor, etc. [R] | The Guilford Press |
| Fecha de publicación, distribución, etc. [R] | 2004 |
| 300 ## - DESCRIPCION FISICA [R] | |
| Extensión [R] | xii, 413 páginas |
| Otros detalles físicos [NR] | ilustraciones, gráficas, mapas |
| 504 ## - NOTA DE BIBLIOGRAFIA, ETC. [R] | |
| Nota de bibliografía, etc. [NR] | Incluye referencias bibliográficas e índices |
| 546 ## - NOTA DE IDIOMA [R] | |
| Nota de idioma [NR] | Texto en inglés |
| 650 04 - ASIENTO SECUNDARIO DE MATERIA - TERMINO TEMATICO [R] | |
| Término temático o nombre geográfico como elemento de entrada [NR] | Transporte urbano |
| 9 (RLIN) | 25707 |
| 650 04 - ASIENTO SECUNDARIO DE MATERIA - TERMINO TEMATICO [R] | |
| Término temático o nombre geográfico como elemento de entrada [NR] | Flujo de tráfico |
| 9 (RLIN) | 80962 |
| 650 04 - ASIENTO SECUNDARIO DE MATERIA - TERMINO TEMATICO [R] | |
| Término temático o nombre geográfico como elemento de entrada [NR] | Geografía urbana |
| 9 (RLIN) | 16360 |
| 690 #0 - ASUNTO AGREGADO LOCAL DE ENTRADA - TÉRMINO TEMÁTICO (OCLC, RLIN) | |
| Acceso temático local | Geografía |
| 9 (RLIN) | 16335 |
| 700 1# - ASIENTO SECUNDARIO - NOMBRE PERSONAL [R] | |
| Nombre personal [NR] | Hanson, Susan |
| Fechas asociadas con el nombre [NR] | 1943- |
| Término de relación [R] | editor |
| 9 (RLIN) | 80960 |
| 700 1# - ASIENTO SECUNDARIO - NOMBRE PERSONAL [R] | |
| Nombre personal [NR] | Giuliano, Genevieve |
| Término de relación [R] | editor |
| 9 (RLIN) | 80961 |
| 942 ## - ELEMENTOS DE ENTRADA AGREGADOS (KOHA) | |
| Sistema de clasificación | DEWEY |
| Tipo de ítem principal el descrito en 300a | Libro |
| Tema principal | Geografía |
| Edición | 1 |
| Clasificación | 388.4 |
| Parte restante de la signatura top. | G345 |
| Fecha de último préstamo | Total préstamos | Total Renewals | Signatura topográfica | Código de barras | Última vez visto | Volúmen / Fascículo | Ejemplar | Costo de reposición | Price effective from | Tipo de ítem | Perdido | Dañado | No prestable | Tipo de ítem específico | Suprimido | Ubicación habitual | Ubicación actual | Localización | Fecha de creación | Proveedor | Forma de adquisición | Costo | Sistema de clasificación |
|---|---|---|---|---|---|---|---|---|---|---|---|---|---|---|---|---|---|---|---|---|---|---|---|
| 05/02/2021 | 2 | 1 | 388.4 G345 | 100151030 | 05/12/2025 | 3a.Ed. | Ej.1 | 165629.00 | 03/10/2016 | Libro | Libro | Claustro | Claustro | Mezanine | 03/10/2016 | 19 | Compra | 165629.00 | |||||
| 388.4 G345 | 100151330 | 05/12/2025 | 3a.Ed. | Ej.2 | 236869.00 | 20/10/2016 | Libro de reserva | Libro de reserva | Claustro | Claustro | Mezanine | 20/10/2016 | 15 | Compra | 236869.00 | DEWEY | |||||||
| 24/01/2017 | 1 | 388.4 G345 | 100151331 | 05/12/2025 | 3a.Ed. | Ej.3 | 236869.00 | 20/10/2016 | Libro | Libro | Claustro | Claustro | Mezanine | 20/10/2016 | 15 | Compra | 236869.00 | ||||||
| 24/01/2017 | 1 | 1 | 388.4 G345 | 100151376 | 05/12/2025 | 3a.Ed. | Ej.4 | 234938.00 | 25/10/2016 | Libro | Libro | Claustro | Claustro | Mezanine | 25/10/2016 | 15 | Compra | 234938.00 | |||||
| 15/05/2025 | 3 | 1 | 388.4 G345 | 100151424 | 04/12/2025 | 3a.Ed. | Ej.5 | 236869.00 | 26/10/2016 | Libro | Libro | Claustro | Claustro | Mezanine | 26/10/2016 | 15 | Compra | 236869.00 |